000 00448nam a22001817a 4500
003 CEME
005 20210628202250.0
008 210301b xxu||||| |||| 00| 0 eng d
020 _a969-38-0347-7
040 _c.
082 _a891.4393 HAM
100 _aHameed, A
_959074
245 _aHarrapa keey nagaan
260 _aLAHORE
_bAL-QURESH
_c1997
300 _a293P
650 _aURDU ADAB-FICTION-HARRAPA KEEY NAGAAN
_959075
942 _cBK
_2ddc
999 _c569130
_d569130